000
00390nam a2200145Ia 4500
003
SEM
008
141116s9999 xx 000 0 und d
080
_a
891.981 Ա-77
100
_a
Ավագյան Խաչատուր
245
_a
Մեր խելոքները. Վավերական և անվավեր ժպիտներ
260
_a
Երևան
260
_c
2002
300
_a
336
942
_2
udc
_c
BK
999
_c
45794
_d
45794